000 00467nam a2200181Ia 4500
001 9724
005 20260306161739.0
008 260306t2008||||xx |||||||||||||| ||spa||
041 _aESP
082 _a407
_bB81
100 _aBraslavsky, Berta
_eAUT
245 0 _aLa escuela puede:
_bun larga experiencia en la enseñanza de la lengua escrita
260 _c2008
300 _a175 páginas :
_c22 cm.
650 _aGEN
654 _aCED
942 _cLIB
_dJUS
_fJUS
_2ddc
_n
999 _c9724
_d9724